000 00512nam a2200181Ia 4500
001 17572
005 20260306171527.0
008 260306s9999||||xx |||||||||||||| ||und||
041 _aESP
082 _a658.041
_bT79
100 _aTrevinyo-Rodríguez, Rosa Nelly
_eAUT
245 0 _aEmpresas familiares:
_bvisión Latinoamericana. Estructura, gestión, crecimiento y continuidad
260 _c2010
300 _axviii, 412 páginas :
_c23 cm.
650 _aGEN
654 _aCAN
942 _cLIB
_dJUS
_fJUS
_2ddc
_n
999 _c17572
_d17572